Filosofsko-metodologičeskije aspekty relevantnoj logiki /

Gespeichert in:
Bibliographische Detailangaben
1. Verfasser: Vojšvillo, E.K (Verfasst von)
Format: Buch
Sprache:Russisch
Veröffentlicht: Moskva : Izdateľstvo Moskovskogo universiteta, 1988
Tags: Tag hinzufügen
Keine Tags, Fügen Sie das erste Tag hinzu!

MARC

LEADER 00000nam a22000003a 4500
001 stu3278
005 20150617225616.3
008 930319s1988----xxr-----------------rus-d
040 |a STU  |b slo 
041 0 |a rus 
044 |a xxr 
080 |a 510.6 
100 1 |a Vojšvillo, E.K  |4 aut 
245 1 |a Filosofsko-metodologičeskije aspekty relevantnoj logiki /  |c [aut.] Vojšvillo,E.K 
260 |a Moskva :  |b Izdateľstvo Moskovskogo universiteta,  |c 1988 
300 |a 139 s 
996 |b E67781  |c E*67781  |l EE03  |s P  |a 0  |w stu3278_0001